|
|
|
|
| LEADER |
02491nam a2200289 a 4500 |
| 001 |
15521225 |
| 008 |
120530s2008 cauab b 001 0 eng |
| 010 |
|
|
|a 2008048512
|
| 020 |
|
|
|a 9788178299051 (hard back)
|
| 040 |
|
|
|a DLC
|c DLC
|d DLC
|d BD-DhAAL
|
| 043 |
|
|
|a a-ii---
|
| 050 |
0 |
0 |
|a JS7010
|b .N49 2008
|
| 082 |
0 |
0 |
|a 320.8/50954
|2 22
|
| 245 |
0 |
0 |
|a New forms of urban governance in India :
|b shifts, models, networks and contestations /
|c edited by I.S.A. Baud, J. de Wit.
|
| 260 |
|
|
|a Thousand Oaks ;
|a New Delhi :
|b SAGE Publications,
|c 2008.
|
| 300 |
|
|
|a xiv, 402 p. :
|b ill., maps ;
|c 23 cm.
|
| 504 |
|
|
|a Includes bibliographical references (p. [368]-391) and index.
|
| 541 |
|
|
|e 00025302
|
| 505 |
0 |
|
|a Shifts in urban governance : raising the questions / I.S.A. Baud and J. de Wit -- Urban governance in India-spotlight on Mumbai / M. Pinto -- Urban decentralization in Indian cities : assessing the performance of neighbourhood level wards committees / J. de Wit, N. Nainan and S. Palnitkar -- Institutionalising people's participation in urban governance : an inter-city perspective of the ward committees in West Bengal / A. Ghosh and M. Mitraá -- Negotiating for participation : decentralization and NGOs in Mumbai, India / N. Nainan and I.S.A. Baud -- Governance in urban environmental management : comparing accountability and performance in multi-stakeholder arrangements in south India / I.S.A. Baud and R. Dhanalakshmi -- Law, urban policies and the role of intermediaries in Delhi / I. Milbert -- New management tools for Mumbai's SWM / S. Redkar -- Partnerships in action : a people's view / A. Bhide -- New forms of governance in Hyderabad : how urban reforms are redefining actors in the city / L. Kennedyá -- New forms of contestation and cooperation in Indian urban governance / N. Sridharan -- The courts and the squatter settlements in Delhi or the intervention of the judiciary in urban "governance" / V. Dupont and U. Ramanathan -- Whose ball game is it anyway? / A. Adarkar.
|
| 650 |
|
0 |
|a Municipal government
|z India
|x Citizen participation.
|
| 650 |
|
0 |
|a City planning
|z India.
|
| 650 |
|
0 |
|a Decentralization in government
|z India.
|
| 700 |
1 |
|
|a Baud, I. S. A.
|
| 700 |
1 |
|
|a Wit, Joop W. de
|q (Joop Wijnandus)
|
| 852 |
1 |
|
|a Ayesha Abed Library
|c General shelf.
|
| 999 |
|
|
|c 12312
|d 12312
|
| 952 |
|
|
|0 0
|1 0
|2 ddc
|4 0
|6 320_850954000000000_NEW
|7 0
|9 20370
|a BRACUL
|b BRACUL
|c GEN
|d 2012-06-04
|e karim International
|g 1139.00
|l 0
|o 320.850954 NEW
|p 3010025302
|r 2012-06-04
|t 1
|w 2012-06-04
|y BK
|